[Event "IECG WC.2009.T.00002 email"]
[Site "IECG email"]
[Date "2008.04.15"]
[Round "1"]
[White "Nebel, Uwe"]
[Black "Sukhov, Nick"]
[Result "1-0"]
[WhiteElo "2448"]
[BlackElo "2301"]
[PlyCount "85"]
[EventDate "2008.04.15"]
[EventType "tourn (corr)"]
[EventRounds "10"]
[SourceTitle "Corr 2024"]
[Source "ChessBase"]
[SourceDate "2023.10.19"]
[SourceVersion "1"]
[SourceVersionDate "2023.10.19"]
[SourceQuality "1"]

1. e4 c5 2. Nf3 Nc6 3. d4 cxd4 4. Nxd4 e5 5. Nb5 d6 6. N1c3 a6 7. Na3 Be6 8. Nc4 Be7 9. Be3 b5 10. Nb6 Rb8 11. Nbd5 b4 12. Ne2 a5 13. Ng3 Nf6 14. Be2 0-0 15. 0-0 g6 16. Nxe7+ Qxe7 17. f4 exf4 18. Bxf4 Ne8 19. a3 bxa3 20. Rxa3 f6 21. b3 Qa7+ 22. Rf2 Qc5 23. Qc1 Rf7 24. Be3 Qe5 25. Qd2 Rfb7 26. Rf1 Rd8 27. c4 Nc7 28. Bf3 Rdb8 29. Bd1 Na6 30. Ne2 Re8 31. Nd4 Nab4 32. Bf2 Rd8 33. Nf3 Qxe4 34. Re1 Qf5 35. Nh4 Qg5 36. Qxg5 fxg5 37. Rxe6 gxh4 38. Bxh4 Rdd7 39. Bg4 Kg7 40. Ra1 Rf7 41. Rxd6 Nc2 42. Rc1 N2d4 43. Rf1 1-0

[Event "IECG WC.2009.T.00002 email"]
[Site "IECG email"]
[Date "2008.04.15"]
[Round "1"]
[White "Sukhov, Nick"]
[Black "Braun, Andreas"]
[Result "0-1"]
[WhiteElo "2301"]
[BlackElo "2348"]
[PlyCount "68"]
[EventDate "2008.04.15"]
[EventType "tourn (corr)"]
[EventRounds "10"]
[SourceTitle "Corr 2024"]
[Source "ChessBase"]
[SourceDate "2023.10.19"]
[SourceVersion "1"]
[SourceVersionDate "2023.10.19"]
[SourceQuality "1"]

1. d4 Nf6 2. c4 g6 3. Nc3 Bg7 4. e4 d6 5. Nf3 0-0 6. Be2 e5 7. 0-0 Nc6 8. d5 Ne7 9. Nd2 c5 10. Rb1 Ne8 11. b4 b6 12. bxc5 bxc5 13. Qa4 Bh6 14. Nb3 Bxc1 15. Rfxc1 a5 16. Nd2 f5 17. Rb2 Nf6 18. Rcb1 Ra6 19. Qd1 a4 20. Bf3 Bd7 21. Qc2 f4 22. g3 g5 23. Rb7 g4 24. Bd1 Ng6 25. Qd3 h5 26. Nb5 Bc8 27. Rc7 Nh7 28. Qe2 Ng5 29. Kh1 Nh3 30. Qe1 h4 31. Be2 Rb6 32. Ra7 Qg5 33. Nf1 Nxf2+ 34. Qxf2 fxg3 0-1

[Event "IECG WC.2009.T.00002 email"]
[Site "IECG email"]
[Date "2008.04.15"]
[Round "1"]
[White "Sukhov, Nick"]
[Black "Hellbing, Bernd"]
[Result "0-1"]
[WhiteElo "2301"]
[BlackElo "2471"]
[PlyCount "88"]
[EventDate "2008.04.15"]
[EventType "tourn (corr)"]
[EventRounds "10"]
[SourceTitle "Corr 2024"]
[Source "ChessBase"]
[SourceDate "2023.10.19"]
[SourceVersion "1"]
[SourceVersionDate "2023.10.19"]
[SourceQuality "1"]

1. e4 c5 2. Nf3 d6 3. d4 cxd4 4. Nxd4 Nf6 5. Nc3 a6 6. Bc4 e6 7. Bb3 Nbd7 8. 0-0 Nc5 9. Qe1 Be7 10. Bg5 h6 11. Bh4 g5 12. Bg3 Nh5 13. Qe3 Nxg3 14. Qxg3 Qc7 15. f4 Bf6 16. Rad1 Bd7 17. fxg5 Be5 18. Qf3 0-0-0 19. gxh6 Rxh6 20. g3 Rh7 21. Rf2 Rg8 22. Nce2 Rg6 23. c3 Rf6 24. Qg2 Rxf2 25. Kxf2 Qb6 26. Kg1 a5 27. Nf4 Rg7 28. Nh3 a4 29. Bc4 Bc6 30. Bd3 f5 31. Qf2 Bxd4 32. cxd4 Nxd3 33. Rxd3 Bxe4 34. Rc3+ Rc7 35. Rxc7+ Qxc7 36. Qd2 Qc4 37. a3 Bc6 38. Nf4 e5 39. dxe5 Qe4 40. exd6 Qh1+ 41. Kf2 Qxh2+ 42. Ke3 Qxg3+ 43. Kd4 Qg7+ 44. Kc4 Kd7 0-1

[Event "IECG WC.2008.T.00002 email"]
[Site "IECG email"]
[Date "2007.02.02"]
[Round "?"]
[White "Nebel, Uwe"]
[Black "Sukhov, Nick"]
[Result "1-0"]
[WhiteElo "2469"]
[BlackElo "2339"]
[PlyCount "66"]
[EventDate "2007.02.02"]
[EventType "tourn (corr)"]
[EventRounds "10"]
[SourceTitle "Corr 2011"]
[Source "ChessBase"]
[SourceDate "2010.08.31"]
[SourceVersion "1"]
[SourceVersionDate "2010.08.31"]
[SourceQuality "1"]

1. e4 c5 2. Nf3 Nc6 3. d4 cxd4 4. Nxd4 e5 5. Nb5 d6 6. N1c3 a6 7. Na3 b5 8. Nd5 Nf6 9. Bg5 Be7 10. Bxf6 Bxf6 11. c3 0-0 12. Nc2 Rb8 13. h4 Be7 14. Nce3 Be6 15. a4 Qd7 16. axb5 axb5 17. Bd3 Bd8 18. h5 h6 19. 0-0 Ne7 20. Be2 Qb7 21. Nb4 Bb6 22. Qd3 Bxe3 23. Qxe3 Ra8 24. Qd3 Bc4 25. Qd2 Bxe2 26. Qxe2 Nc6 27. Nd5 b4 28. Qd3 bxc3 29. bxc3 Rxa1 30. Rxa1 Ne7 31. Ne3 Rd8 32. Ra6 Qc7 33. c4 Qc5 1-0

[Event "IECG WC.2008.T.00002 email"]
[Site "IECG email"]
[Date "2007.02.02"]
[Round "?"]
[White "Sukhov, Nick"]
[Black "Bubir, Sergei"]
[Result "0-1"]
[WhiteElo "2339"]
[BlackElo "2398"]
[PlyCount "60"]
[EventDate "2007.02.02"]
[EventType "tourn (corr)"]
[EventRounds "10"]
[SourceTitle "Corr 2011"]
[Source "ChessBase"]
[SourceDate "2010.08.31"]
[SourceVersion "1"]
[SourceVersionDate "2010.08.31"]
[SourceQuality "1"]

1. d4 d5 2. c4 c6 3. Nf3 Nf6 4. Nc3 e6 5. e3 Nbd7 6. Bd3 dxc4 7. Bxc4 b5 8. Bd3 Bb7 9. 0-0 a6 10. e4 c5 11. d5 Qc7 12. dxe6 fxe6 13. Bc2 Bd6 14. Ng5 Nf8 15. f4 h6 16. e5 0-0-0 17. Nf7 Qxf7 18. exd6 Qd7 19. Be3 Qc6 20. Qe2 Rxd6 21. Rac1 N8d7 22. b4 c4 23. a4 Nb6 24. Bc5 Rd7 25. axb5 axb5 26. Rf2 Nbd5 27. Nxd5 Rxd5 28. Re1 Rxc5 29. bxc5 Re8 30. Bg6 Re7 0-1

[Event "IECG WC.2008.T.00002 email"]
[Site "IECG email"]
[Date "2007.02.02"]
[Round "?"]
[White "Sukhov, Nick"]
[Black "Chetvertakoff, Valery"]
[Result "0-1"]
[WhiteElo "2339"]
[BlackElo "2267"]
[PlyCount "58"]
[EventDate "2007.02.02"]
[EventType "tourn (corr)"]
[EventRounds "10"]
[SourceTitle "Corr 2011"]
[Source "ChessBase"]
[SourceDate "2010.08.31"]
[SourceVersion "1"]
[SourceVersionDate "2010.08.31"]
[SourceQuality "1"]

1. e4 c5 2. Nf3 d6 3. d4 cxd4 4. Nxd4 Nf6 5. Nc3 Nc6 6. Be2 e5 7. Nf3 h6 8. 0-0 Be7 9. Re1 0-0 10. Bf1 Bg4 11. h3 Bh5 12. Be3 Rc8 13. a3 Na5 14. Bd3 a6 15. Qe2 Qc7 16. g4 Bg6 17. Nh4 Nc4 18. Nxg6 fxg6 19. Bc1 Nb6 20. a4 Bd8 21. Rd1 Qf7 22. a5 Nc4 23. Bxc4 Rxc4 24. Rxd6 Be7 25. Rb6 Nxe4 26. Rxb7 Nxf2 27. Rxe7 Qxe7 28. Qxc4+ Kh7 29. g5 Qa7 0-1

[Event "IECG WC.2008.T.00002 email"]
[Site "IECG email"]
[Date "2007.02.02"]
[Round "?"]
[White "Sukhov, Nick"]
[Black "Khudoliy, Kostyantyn"]
[Result "0-1"]
[WhiteElo "2339"]
[BlackElo "2367"]
[PlyCount "62"]
[EventDate "2007.02.02"]
[EventType "tourn (corr)"]
[EventRounds "10"]
[SourceTitle "Corr 2011"]
[Source "ChessBase"]
[SourceDate "2010.08.31"]
[SourceVersion "1"]
[SourceVersionDate "2010.08.31"]
[SourceQuality "1"]

1. e4 c5 2. Nf3 Nc6 3. d4 cxd4 4. Nxd4 g6 5. c4 Bg7 6. Be3 Nf6 7. Nc3 0-0 8. Be2 d6 9. 0-0 Bd7 10. Nc2 Rc8 11. Rc1 Ne5 12. b3 Qa5 13. Nd5 Rfe8 14. f4 Neg4 15. Nxf6+ Nxf6 16. e5 dxe5 17. fxe5 Qxe5 18. Rxf6 exf6 19. Qxd7 Rcd8 20. Qxb7 f5 21. Bf3 Qc3 22. Bxa7 Qd2 23. Rf1 Qxc2 24. Bd5 Kh8 25. h3 Qc3 26. Bf2 Re2 27. Qb6 Bf6 28. Kh1 Rxa2 29. Bg1 Rd7 30. b4 Kg7 31. Qc5 Re7 0-1

[Event "IECG WC.2005.F.00006 email"]
[Site "IECG email"]
[Date "2006.06.05"]
[Round "?"]
[White "Sacerdotali, Sergio"]
[Black "Sukhov, Nick"]
[Result "0-1"]
[WhiteElo "2252"]
[BlackElo "2370"]
[PlyCount "106"]
[EventDate "2006.06.05"]
[EventType "tourn (corr)"]
[EventRounds "14"]
[SourceTitle "Corr 2008"]
[Source "ChessBase"]
[SourceDate "2008.06.24"]
[SourceVersion "1"]
[SourceVersionDate "2008.06.24"]
[SourceQuality "1"]

1. e4 c5 2. Nf3 Nc6 3. Bb5 g6 4. 0-0 Bg7 5. Re1 Nf6 6. e5 Nd5 7. Nc3 Nc7 8. Bxc6 dxc6 9. Ne4 Ne6 10. d3 Qc7 11. Be3 b6 12. a3 0-0 13. Qc1 Bxe5 14. Nxe5 Qxe5 15. Bh6 Re8 16. a4 a5 17. b3 Ra7 18. Ra2 Rd8 19. Qd2 Qd5 20. Qd1 Nd4 21. Bg5 Kg7 22. c4 Qd7 23. Qc1 f6 24. Bh6+ Kf7 25. Qd1 Qg4 26. f3 Qh4 27. Be3 Rad7 28. Bf2 Qh6 29. Be3 g5 30. Rd2 e5 31. h3 Ne6 32. g4 Nf4 33. Bxf4 gxf4 34. Ree2 Qh4 35. Rg2 Rd4 36. Qe2 h5 37. Qf2 Qxf2+ 38. Nxf2 Be6 39. Rd1 Rh8 40. Kf1 h4 41. Ke2 Rb8 42. Kd2 b5 43. Kc2 bxa4 44. bxa4 Bxc4 45. dxc4 Rxc4+ 46. Kd2 Rb2+ 47. Ke1 Rcc2 48. g5 fxg5 49. Kf1 c4 50. Kg1 c3 51. Re1 g4 52. Rxg4 Rxf2 53. Rxe5 Rxf3 0-1

[Event "IECG WC.2005.F.00006 email"]
[Site "IECG email"]
[Date "2006.06.05"]
[Round "?"]
[White "Sukhov, Nick"]
[Black "Percze, Rajmond"]
[Result "1-0"]
[WhiteElo "2370"]
[BlackElo "2263"]
[PlyCount "71"]
[EventDate "2006.06.05"]
[EventType "tourn (corr)"]
[EventRounds "14"]
[SourceTitle "Corr 2008"]
[Source "ChessBase"]
[SourceDate "2008.06.24"]
[SourceVersion "1"]
[SourceVersionDate "2008.06.24"]
[SourceQuality "1"]

1. e4 c5 2. Nf3 d6 3. d4 cxd4 4. Nxd4 Nf6 5. Nc3 g6 6. Be3 Bg7 7. f3 0-0 8. Qd2 Nc6 9. Bc4 Bd7 10. h4 Ne5 11. Bb3 Qa5 12. 0-0-0 Rfc8 13. g4 b5 14. h5 Nc4 15. Bxc4 bxc4 16. Bh6 Bh8 17. Nf5 Bxf5 18. exf5 Rab8 19. hxg6 hxg6 20. fxg6 fxg6 21. Qe3 Kf7 22. Rhe1 e5 23. g5 Ne8 24. Rd4 Bg7 25. Bxg7 Kxg7 26. Rh4 Qb6 27. Qe4 Qxb2+ 28. Kd2 Qb7 29. Reh1 Kf7 30. Rh8 Qxe4 31. fxe4 Ke6 32. Rf1 Kd7 33. Rh7+ Kc6 34. Nd5 Kc5 35. Kc3 Rd8 36. a4 1-0

[Event "IECG WC.2005.F.00006 email"]
[Site "IECG email"]
[Date "2006.06.03"]
[Round "?"]
[White "Fiala, Jaroslav"]
[Black "Sukhov, Nick"]
[Result "1-0"]
[WhiteElo "2389"]
[BlackElo "2370"]
[PlyCount "51"]
[EventDate "2006.06.05"]
[EventType "tourn (corr)"]
[EventRounds "14"]
[SourceTitle "Corr 2008"]
[Source "ChessBase"]
[SourceDate "2008.06.24"]
[SourceVersion "1"]
[SourceVersionDate "2008.06.24"]
[SourceQuality "1"]

1. e4 c5 2. Nf3 Nc6 3. Nc3 Nf6 4. Bb5 g6 5. h3 a6 6. Bxc6 dxc6 7. d3 Bg7 8. Be3 Nd7 9. Qd2 h6 10. 0-0 b5 11. a3 Qc7 12. Nh2 Qd6 13. f4 g5 14. e5 Qe6 15. fxg5 hxg5 16. Rae1 Bxe5 17. Bxg5 f6 18. Bf4 Bd4+ 19. Be3 Bxc3 20. Qxc3 Qd5 21. Ng4 Bb7 22. Bd2 Qd4+ 23. Qxd4 cxd4 24. Nxf6+ Nxf6 25. Rxf6 Rc8 26. Rfe6 1-0

[Event "IECG WC.2005.F.00006 email"]
[Site "IECG email"]
[Date "2006.06.02"]
[Round "?"]
[White "Mauro, Lucio"]
[Black "Sukhov, Nick"]
[Result "1-0"]
[WhiteElo "2269"]
[BlackElo "2370"]
[PlyCount "83"]
[EventDate "2006.06.05"]
[EventType "tourn (corr)"]
[EventRounds "14"]
[SourceTitle "Corr 2008"]
[Source "ChessBase"]
[SourceDate "2008.06.24"]
[SourceVersion "1"]
[SourceVersionDate "2008.06.24"]
[SourceQuality "1"]

1. e4 c5 2. Nf3 Nc6 3. d4 cxd4 4. Nxd4 e5 5. Nb5 d6 6. c4 Be7 7. N1c3 a6 8. Na3 f5 9. exf5 Bxf5 10. Nc2 Nf6 11. Ne3 Be6 12. Bd3 0-0 13. 0-0 Qd7 14. Ned5 Bd8 15. Be3 Nd4 16. Nxf6+ Bxf6 17. Bxd4 exd4 18. Nd5 Bxd5 19. Qh5 Be4 20. Bxe4 g6 21. Qf3 Rab8 22. a4 Be5 23. Qd3 b6 24. Rfe1 Kh8 25. Re2 Rf6 26. h3 a5 27. Qb3 g5 28. Qc2 g4 29. hxg4 Qxg4 30. Ra3 Rh6 31. g3 Rg8 32. Bg2 Qh5 33. Rf3 Qg6 34. Qxg6 Rhxg6 35. Rf5 Kg7 36. Be4 Rc8 37. Kg2 Rxc4 38. f4 Bf6 39. Rb5 Rh6 40. Rxb6 Bd8 41. Rb8 Bc7 42. Re8 1-0

[Event "IECG WC.2006.T.00003 email"]
[Site "IECG email"]
[Date "2006.02.07"]
[Round "?"]
[White "Sukhov, Nick"]
[Black "Baklanov, Valentin Petrovich"]
[Result "0-1"]
[WhiteElo "2376"]
[BlackElo "2357"]
[PlyCount "114"]
[EventDate "2006.02.07"]
[EventType "tourn (corr)"]
[EventRounds "6"]
[SourceTitle "Corr 2008"]
[Source "ChessBase"]
[SourceDate "2008.06.24"]
[SourceVersion "1"]
[SourceVersionDate "2008.06.24"]
[SourceQuality "1"]

1. e4 c5 2. Nf3 e6 3. d4 cxd4 4. Nxd4 Nc6 5. Nb5 d6 6. c4 Nf6 7. N1c3 a6 8. Na3 b6 9. Be2 Be7 10. 0-0 Bb7 11. Be3 Nb8 12. f3 0-0 13. Qd2 Nbd7 14. Nc2 Rc8 15. Rfd1 Qc7 16. Rac1 Ne5 17. a3 h5 18. Nb4 Rfd8 19. Bf2 Nfd7 20. f4 Ng4 21. Bxg4 hxg4 22. f5 Re8 23. Qf4 Ne5 24. Na4 a5 25. Nd3 Nxd3 26. Rxd3 exf5 27. Nxb6 Bxe4 28. Nxc8 Bxd3 29. Nxe7+ Qxe7 30. b4 axb4 31. axb4 Qe2 32. Qxd6 Qd2 33. Ra1 Qc3 34. Rd1 Bxc4 35. Qd7 Qe5 36. Re1 Be2 37. Bg3 Qe3+ 38. Bf2 Qe6 39. Qxe6 Rxe6 40. Bc5 f4 41. Kf2 f3 42. gxf3 gxf3 43. b5 Rh6 44. Rb1 Rxh2+ 45. Ke3 Rh5 46. b6 Ba6 47. Bd4 Bb7 48. Rg1 g6 49. Bf6 Rf5 50. Bd4 g5 51. Kf2 Kf8 52. Be3 f6 53. Rc1 Rb5 54. Bd4 f5 55. Kg3 Ke8 56. Rc7 Be4 57. Rg7 g4 0-1

[Event "IECG WC.2006.T.00003 email"]
[Site "IECG email"]
[Date "2006.02.07"]
[Round "?"]
[White "Sukhov, Nick"]
[Black "Rost, Detlef"]
[Result "1/2-1/2"]
[WhiteElo "2376"]
[BlackElo "2464"]
[PlyCount "64"]
[EventDate "2006.02.07"]
[EventType "tourn (corr)"]
[EventRounds "6"]
[SourceTitle "Corr 2008"]
[Source "ChessBase"]
[SourceDate "2008.06.24"]
[SourceVersion "1"]
[SourceVersionDate "2008.06.24"]
[SourceQuality "1"]

1. d4 Nf6 2. c4 e6 3. Nf3 Bb4+ 4. Bd2 a5 5. a3 Be7 6. Nc3 d5 7. e3 0-0 8. Qc2 c5 9. dxc5 Bxc5 10. cxd5 exd5 11. Bd3 Nc6 12. 0-0 Re8 13. h3 h6 14. Rfd1 Be6 15. Ne2 Ne4 16. Bxe4 dxe4 17. Bc3 Qc8 18. Nd2 Bf8 19. Qa4 f5 20. Nf4 Bf7 21. Rac1 g5 22. Ne2 Rd8 23. Nc4 Ra6 24. Rxd8 Qxd8 25. Ne5 Nxe5 26. Bxe5 Qd5 27. Qd4 Rc6 28. Rxc6 bxc6 29. Qxd5 cxd5 30. Nd4 Bg6 31. Kf1 a4 32. Ke1 Bc5 1/2-1/2

[Event "IECG WC.2008.S.00010"]
[Site "IECG email"]
[Date "2005.07.17"]
[Round "?"]
[White "Brousek, Jiri"]
[Black "Sukhov, Nick"]
[Result "1/2-1/2"]
[WhiteElo "2280"]
[BlackElo "2417"]
[PlyCount "83"]
[EventDate "2005.07.17"]
[EventType "tourn (corr)"]
[EventRounds "6"]
[SourceTitle "Corr 2008"]
[Source "ChessBase"]
[SourceDate "2008.06.24"]
[SourceVersion "1"]
[SourceVersionDate "2008.06.24"]
[SourceQuality "1"]

1. d4 d5 2. Nf3 c5 3. c4 Nf6 4. cxd5 cxd4 5. Nxd4 Nxd5 6. e4 Nb4 7. Qa4+ N8c6 8. Nxc6 Nxc6 9. Nc3 e5 10. Be3 Bd7 11. Bc4 Nd4 12. Qd1 Bc5 13. 0-0 0-0 14. Qh5 Qe8 15. Nd5 Rc8 16. Rac1 Kh8 17. Bd3 f6 18. Qxe8 Rfxe8 19. b4 Bd6 20. f3 Be6 21. a3 Kg8 22. Kf2 Kf7 23. Rfd1 Red8 24. g3 g6 25. Bf1 f5 26. exf5 Nxf5 27. Bg5 Rf8 28. Ne3 Nd4 29. Nc4 Bb8 30. Bh6 Rfd8 31. Nd2 a6 32. Ne4 Bb3 33. Bh3 Rc7 34. Rd3 Rxc1 35. Bxc1 Ba7 36. Kg2 Bd5 37. Bg5 Rf8 38. Bh6 Rd8 39. Bg4 Bb6 40. h4 Nf5 41. Bg5 Bxe4 42. Bxd8 1/2-1/2

[Event "IECG WC.2008.S.00010"]
[Site "IECG email"]
[Date "2005.07.17"]
[Round "?"]
[White "Sukhov, Nick"]
[Black "Chetvertakoff, Valery"]
[Result "1/2-1/2"]
[WhiteElo "2417"]
[BlackElo "2228"]
[PlyCount "76"]
[EventDate "2005.07.17"]
[EventType "tourn (corr)"]
[EventRounds "6"]
[SourceTitle "Corr 2008"]
[Source "ChessBase"]
[SourceDate "2008.06.24"]
[SourceVersion "1"]
[SourceVersionDate "2008.06.24"]
[SourceQuality "1"]

1. e4 c5 2. Nf3 Nc6 3. d4 cxd4 4. Nxd4 Nf6 5. Nc3 d6 6. Bg5 e6 7. Qd2 a6 8. 0-0-0 Bd7 9. f4 b5 10. Bxf6 gxf6 11. g3 Qb6 12. Nce2 0-0-0 13. Kb1 Kb8 14. Bh3 Ne7 15. Bg2 Bc8 16. Qe3 Bb7 17. Rhg1 Qc5 18. Nc1 h5 19. Nd3 Qb6 20. Nb4 Rc8 21. c3 h4 22. Qd3 Bg7 23. g4 Bh6 24. Ne2 Rhd8 25. Qh3 Ng6 26. Rgf1 a5 27. Nc2 e5 28. f5 Nf4 29. Nxf4 Bxf4 30. a3 Bg5 31. Qf3 Rc7 32. Rfe1 Kc8 33. Rd3 Kd7 34. Red1 Ke7 35. Re1 Rc4 36. Rdd1 Rdc8 37. Bf1 R4c5 38. Qf2 Qc7 1/2-1/2

[Event "IECG WC.2008.S.00010"]
[Site "IECG email"]
[Date "2005.07.17"]
[Round "?"]
[White "Sukhov, Nick"]
[Black "Kharitonov, Aleksandr Alekseevi"]
[Result "0-1"]
[WhiteElo "2417"]
[BlackElo "2216"]
[PlyCount "98"]
[EventDate "2005.07.17"]
[EventType "tourn (corr)"]
[EventRounds "6"]
[SourceTitle "Corr 2008"]
[Source "ChessBase"]
[SourceDate "2008.06.24"]
[SourceVersion "1"]
[SourceVersionDate "2008.06.24"]
[SourceQuality "1"]

1. e4 c5 2. Nf3 d6 3. d4 cxd4 4. Nxd4 Nf6 5. Nc3 Nc6 6. Bg5 Bd7 7. Qd2 Rc8 8. Be2 a6 9. 0-0 h6 10. Be3 e6 11. f4 Be7 12. Rad1 0-0 13. Nb3 Qc7 14. a3 b5 15. Qe1 b4 16. axb4 Nxb4 17. Qd2 Rfd8 18. Ra1 d5 19. e5 Ne4 20. Nxe4 dxe4 21. c3 Bb5 22. Nd4 Nd5 23. Bf2 Bc5 24. Rfe1 Qb7 25. Rad1 Bxe2 26. Qxe2 e3 27. Bxe3 Nxe3 28. Qxe3 Qxb2 29. Re2 Qb3 30. Rd3 Qc4 31. h3 a5 32. Kh2 a4 33. Red2 a3 34. Qe2 Rb8 35. Re3 Qxe2 36. Rexe2 Ra8 37. Rd1 g5 38. g3 Ra4 39. Ra2 Rc4 40. Rd3 Rb8 41. Ne2 Rb2 42. Rd2 Rxd2 43. Rxd2 gxf4 44. gxf4 f6 45. exf6 Kf7 46. Kg2 Kxf6 47. Kf3 e5 48. fxe5+ Kxe5 49. Rd1 Re4 0-1